El atroz encanto de ser argentinos /

Guardado en:
Autor Principal: Aguinis, Marcos
Formato: Libro
Publicado: Buenos Aires : Planeta, 2001
Materias:
Etiquetas: Agregar Etiqueta
Sin Etiquetas, Sea el primero en etiquetar este registro!
LEADER 00599nam a22002055a 4500
001 CEM.cems010729
005 20101109104217.0
008 130507s2001##################000#0#####d
003 CEMS
020 |a 950490775X 
082 0 4 |a A864.4 
100 1 |a Aguinis, Marcos 
245 1 0 |a El atroz encanto de ser argentinos /  |c Marcos Aguinis 
260 |a Buenos Aires :  |b Planeta,  |c 2001 
300 |a 255 p. 
653 |a Cultura nacional 
653 |a Ensayo argentino-siglo 20 
653 |a Literatura 
653 |a Literatura argentina siglo 20 
859 |a CEMS  |b BIB. CEMS - 11 de abril  |h A864.4  |i Ag93-1  |p 21361.01  |t Ej.1